000 00860nas a2200265 4500
001 BR2012009933
003 BR-BrBNA
005 20231205121725.0
007 ta
008 230509b bl.|||p| |||| 00| 00por d
040 _aBR-BrBNA
_bpor
_cBiblioteca Nacional de Agricultura
041 _a(Pt)
072 _aH20
100 1 _aAraújo, I.B.
100 1 _aPeruchi, L.A.M.
100 1 _aStadnik, M.J.
245 1 _aEfeito do extrato de alga e da argila silicatada na severidade da alternariose e na produtividade da cebolinha comum (Allium fistulosum L.)
650 _aCEBOLINHA
650 _aALTERNARIOSE
650 _aFUNGO
650 _aAGRICULTURA ORGÂNICA
773 0 _tTropical Plant Pathology (Brazil)
_xISSN 1982-5676
_g(Sep-Oct 2012), v. 37(5) p. 363-367
_wBR2012009933
909 _a202311
_bLúcia
_c55
_dLúcia Elande
942 _2AGRIS
_n0
_cANA
999 _c224910
_d224910